Αμητός : στη μνήμη Φώτη Αποστολόπουλου

Αποθηκεύτηκε σε:
Λεπτομέρειες βιβλιογραφικής εγγραφής
Συγγραφή απο Οργανισμό/Αρχή: Κέντρο Μικρασιατικών Σπουδών
Μορφή: Βιβλίο
Γλώσσα:Greek
Δημοσίευση: Αθήνα : Κέντρο Μικρασιατικών Σπουδών, 1984
Θέματα:
Ετικέτες: Προσθήκη ετικέτας
Δεν υπάρχουν, Καταχωρήστε ετικέτα πρώτοι!

MARC

LEADER 00000cam a2200000 i 4500
001 1/99092
008 950323s1984 gre d
035 |l 10011172 
040 |a GR-MY-UA  |b gre  |e aacr 
041 0 |a gre 
082 0 |a 889.84 
245 1 0 |a Αμητός :  |b στη μνήμη Φώτη Αποστολόπουλου 
260 |a Αθήνα :   |b Κέντρο Μικρασιατικών Σπουδών,   |c 1984 
300 |a  510 σελ  |b  πιν. 
600 1 0 |a Αποστολόπουλος, Φώτης,   |d 1914-1980. 
650 0 0 |a Greek literature. 
650 0 0 |a Speeches, addresses, etc. 
651 0 |a Greece  |x Civilization. 
710 2 |a Κέντρο Μικρασιατικών Σπουδών. 
852 |a INST  |b LESVOS  |e 19950323  |h 889.84 ΚΕΝ  |p 005100002116  |q 005100002116  |t BK  |y 0 
909 |a Λ  |b 036674